[Event "DEN-ch G5-1"]
[Site "Svendborg"]
[Date "2016.03.21"]
[Round "3"]
[White "Lauritsen, Henning"]
[Black "Oehlerich, Per"]
[Result "0-1"]
[WhiteElo "1932"]
[BlackElo "1949"]
[PlyCount "72"]
[EventDate "2016.03.19"]
[EventType "swiss"]
[EventRounds "5"]
[EventCountry "DEN"]
[SourceTitle "EXT 2023"]
[Source "ChessBase"]
[SourceDate "2022.10.05"]
[SourceVersion "1"]
[SourceVersionDate "2022.10.05"]
[SourceQuality "1"]

1. d4 Nf6 2. Nf3 e6 3. Bg5 Be7 4. e3 d6 5. Be2 h6 6. Bh4 Nc6 7. Bg3 Nh5 8. e4 Nxg3 9. hxg3 Bf6 10. c3 e5 11. Na3 a6 12. Nc4 exd4 13. cxd4 d5 14. exd5 Qxd5 15. 0-0 Nxd4 16. Nxd4 Qxd4 17. Qc2 0-0 18. Rad1 Qc5 19. Bf3 Be6 20. b3 Rab8 21. Qe4 Bxc4 22. bxc4 Rfe8 23. Qg4 c6 24. Rd7 Red8 25. Qf4 Rxd7 26. Qxb8+ Qf8 27. Qf4 Qd8 28. Qf5 g6 29. Qf4 Kg7 30. c5 Rd4 31. Qc1 Qa5 32. Qc2 Rd2 33. Qe4 Rxa2 34. Qe8 Qxc5 35. Qc8 Qe7 36. Rd1 Ra1 0-1